[Event "FSFMB November 2013"]
[Site "Budapest HUN"]
[Date "2013.11.02"]
[Round "1.5"]
[White "Marcu,Simon"]
[Black "Szakacs,E"]
[Result "1/2-1/2"]
[WhiteElo "1892"]
[BlackElo "1750"]

1.d4 Nf6 2.c4 Nc6 3.Nc3 e5 4.d5 Ne7 5.e4 Ng6 6.Bd3 Bb4 7.Ne2 O-O 8.O-O Bxc3
9.Nxc3 d6 10.Bd2 Ne8 11.b4 f5 12.f3 f4 13.c5 Qg5 14.cxd6 cxd6 15.Rc1 Nh4
16.Rf2 Bh3 17.Bf1 Rf6 18.g4 Bxf1 19.Qxf1 h5 20.h3 hxg4 21.hxg4 Rg6 22.Rh2 Rh6
23.Be1 Nf6 24.Bxh4 Rxh4 25.Rxh4 Qxh4 26.Nb5 Ne8 27.Qf2 Qxf2+ 28.Kxf2 Kf7
29.Na3 Ke7 30.Ke2 Kd7 31.Kd3 Nc7 32.b5 Rh8 33.Rc2  1/2-1/2

[Event "Novara Open A 2013"]
[Site "Novara ITA"]
[Date "2013.11.02"]
[Round "3.7"]
[White "Astengo,M"]
[Black "Razzano,L"]
[Result "1/2-1/2"]
[WhiteElo "2096"]
[BlackElo "1987"]

1.d4 Nf6 2.c4 Nc6 3.Nf3 e6 4.Bf4 Bb4+ 5.Nbd2 d6 6.e3 O-O 7.Bd3 e5 8.Bg5 exd4
9.Nxd4 Nxd4 10.exd4 Re8+ 11.Kf1 Bxd2 12.Qxd2 h6 13.Bh4 Ne4 14.Qf4 g5 15.Bxe4 gxf4
16.Bxd8 Rxe4 17.Bxc7 Rxd4 18.b3 Bf5 19.Ba5 Re8 20.h4 Rde4 21.h5 b6 22.Bd2 Rd4
23.Bc3 Rd3 24.Rc1 Re6 25.Rh4 f3 26.gxf3 Rxf3 27.Bd4 Rh3 28.Rxh3 Bxh3+ 29.Kg1 Bg4
30.a4 Re4 31.Be3 Re5 32.Bxh6 Rxh5 33.Bf4 Bf3 34.Bh2 Rg5+ 35.Kf1 Rh5  1/2-1/2

[Event "TCh-CZE Extraliga 2013-14"]
[Site "Turnov CZE"]
[Date "2013.11.02"]
[Round "1.7"]
[White "Sodoma,J"]
[Black "Blatny,P"]
[Result "1-0"]
[WhiteElo "2338"]
[BlackElo "2416"]

1.d4 Nf6 2.c4 Nc6 3.Nc3 e5 4.d5 Ne7 5.h4 d6 6.e4 g6 7.Be2 h5 8.Bg5 Bg7 9.Qd2 Nh7
10.Bh6 Bxh6 11.Qxh6 Ng8 12.Qe3 Ngf6 13.O-O-O Qe7 14.Kb1 Nf8 15.f3 b6 16.Nh3 N6d7
17.Nf2 a5 18.Nd3 Nc5 19.Nxc5 bxc5 20.g3 Nd7 21.Bd3 Nb6 22.f4 Bg4 23.Rdf1 exf4
24.gxf4 O-O-O 25.e5 Rhe8 26.Re1 c6 27.Ne4 dxe5 28.d6 Qb7 29.Nxc5 Qb8 30.fxe5 Rxd6
31.Rhf1 f5 32.Qg5 Rdd8 33.Qxg6 Qc7 34.Bxf5+ Bxf5+ 35.Qxf5+ Nd7 36.Ne6  1-0

[Event "23rd World Seniors 2013"]
[Site "Opatija CRO"]
[Date "2013.11.13"]
[Round "2.33"]
[White "Ashby,Ant"]
[Black "Turikov,V"]
[Result "1-0"]
[WhiteElo "2121"]
[BlackElo "2256"]

1.d4 Nf6 2.c4 Nc6 3.Nf3 e6 4.Nc3 Bb4 5.Bd2 d5 6.e3 O-O 7.a3 Bxc3 8.Bxc3 a6
9.Bd3 dxc4 10.Bxc4 Ne4 11.Rc1 Qe7 12.O-O Nxc3 13.Rxc3 Rd8 14.Qc2 Bd7 15.Bd3 g6
16.Rc1 Be8 17.Be4 f6 18.h3 Rab8 19.Rc5 f5 20.Bxc6 Bxc6 21.Ne5 Be4 22.Rxc7 Qg5
23.f4 Qh5 24.Qf2 Bc6 25.Nxc6 bxc6 26.R7xc6 Rb3 27.Rc8 Rxc8 28.Rxc8+ Kg7 29.Rc7+ Kh6
30.Qd2 Qh4 31.Rc3 Rb6 32.Kh2 Qd8 33.b4 g5 34.fxg5+ Qxg5 35.Qf2 Kg6 36.Qg3 Qxg3+
37.Kxg3 a5 38.bxa5 Rb5 39.a4 Rxa5 40.Ra3 Kf6 41.Kf4 Ke7 42.g4 Kd6 43.g5 e5+
44.dxe5+ Ke6 45.h4 Rxe5 46.a5 Re4+ 47.Kg3 Rg4+ 48.Kh3 Rc4 49.a6 Rc8 50.a7 Ra8
51.Ra5  1-0

[Event "5th Classic Open 2013"]
[Site "London ENG"]
[Date "2013.12.08"]
[Round "2.11"]
[White "Brunello,S"]
[Black "Coleman,D"]
[Result "1-0"]
[WhiteElo "2603"]
[BlackElo "2257"]

1.d4 Nf6 2.c4 Nc6 3.Nc3 e5 4.d5 Ne7 5.Nf3 Ng6 6.h4 h5 7.Ng5 d6 8.Qc2 Be7
9.Ne6 fxe6 10.Qxg6+ Kf8 11.g3 exd5 12.cxd5 Bd7 13.Bg2 Qc8 14.Qd3 Bf5 15.e4 Bd7
16.Bg5 g6 17.f4 Kg7 18.O-O Rf8 19.Rac1 a6 20.fxe5 dxe5 21.d6 Bxd6 22.Bxf6+ Rxf6
23.Rxf6 Kxf6 24.Nd5+ Kg7 25.Nb6 Qd8 26.Nxa8 Bb5 27.Qf3 Qxa8 28.Bf1 Qc8 29.b3 Bxf1
30.Kxf1 Qh3+ 31.Ke2 a5 32.a4 b6 33.Rf1 Qe6 34.Rg1 Bc5 35.Rg2 Qd7 36.g4 Qd4
37.Qd3 Qb2+ 38.Kf3 hxg4+ 39.Kg3 Qc1 40.Qd7+ Kh6 41.Qxg4 Be3 42.Kf3 g5 43.hxg5+ Bxg5
44.Qe6+  1-0

[Event "5th Classic Open 2013"]
[Site "London ENG"]
[Date "2013.12.10"]
[Round "4.43"]
[White "Gschwendtner,S"]
[Black "Coleman,D"]
[Result "1/2-1/2"]
[WhiteElo "1999"]
[BlackElo "2257"]

1.d4 Nf6 2.c4 Nc6 3.f3 d5 4.cxd5 Qxd5 5.e3 e5 6.Nc3 Bb4 7.a3 exd4 8.axb4 dxc3
9.bxc3 Qe5 10.b5 Ne7 11.Qd4 Qxd4 12.cxd4 Bd7 13.e4 c6 14.b6 Nc8 15.bxa7 O-O
16.Bc4 Be6 17.Bxe6 fxe6 18.Be3  1/2-1/2

[Event "5th Penang Open 2013"]
[Site "George Town MAS"]
[Date "2013.12.12"]
[Round "6.36"]
[White "Lim,Winsen"]
[Black "Ismail,Ah"]
[Result "0-1"]
[WhiteElo "1721"]
[BlackElo "2025"]

1.d4 Nf6 2.c4 Nc6 3.Nf3 e6 4.Bg5 h6 5.Bh4 Bb4+ 6.Nc3 Bxc3+ 7.bxc3 Qe7 8.Qc2 d6
9.e4 e5 10.d5 Nb8 11.c5 O-O 12.cxd6 cxd6 13.Be2 Bg4 14.Nd2 Bxe2 15.Kxe2 Nbd7
16.Rhb1 b6 17.Kf1 Rac8 18.a4 a6 19.c4 Rc5 20.f3 Rfc8 21.Bf2 Nh5 22.Bxc5 Rxc5
23.Kg1 Nf4 24.Nf1 Qg5 25.Ra2 f5 26.exf5 Nf6 27.Rxb6 N4xd5 28.Rb8+ Kh7 29.Qd3 e4
30.fxe4 Nf4 31.Qg3 Nxe4 32.Qxg5 hxg5 33.Rb6 a5 34.Ne3 Nc3 35.Ra3 Nfe2+ 36.Kf2 d5
37.cxd5 Nd4 38.Rxc3 Rxc3 39.d6 Rd3 40.Rb7 Rd2+ 41.Kf1 Nc6 42.Nc4 Rd4 43.Rc7 Rxc4
44.f6 Rf4+ 45.Ke1 Re4+ 46.Kf2 Ne5 47.Rxg7+ Kh6 48.d7 Rd4 49.Re7 Ng4+ 50.Kf3 Nxf6  0-1

[Event "20th Zadar Open A 2013"]
[Site "Zadar CRO"]
[Date "2013.12.16"]
[Round "2.7"]
[White "Martinovic,Sa"]
[Black "Jakic,I"]
[Result "1-0"]
[WhiteElo "2531"]
[BlackElo "2410"]

1.d4 Nf6 2.c4 Nc6 3.Nc3 e5 4.d5 Ne7 5.Nf3 Ng6 6.h4 h5 7.Qc2 Bb4 8.Bg5 c6
9.e3 cxd5 10.cxd5 Bxc3+ 11.Qxc3 Nxd5 12.Bxd8 Nxc3 13.Bc7 Nd5 14.Bxe5 Nxe5
15.Nxe5 d6 16.Nf3 Ke7 17.Nd4 Be6 18.a3 Rac8 19.Kd2 Nb6 20.Be2 g6 21.Rhc1 Na4
22.f3 Rxc1 23.Rxc1 Rc8 24.Rxc8 Bxc8 25.b3 Nc5 26.b4 Nd7 27.Nb5 a6 28.Na7 Nb6
29.Nxc8+ Nxc8 30.Kc3 d5 31.g4 Kd6 32.gxh5 gxh5 33.f4 Ne7 34.Bxh5 Nf5 35.Bxf7 Nxh4
36.Kd3 Nf5 37.Bxd5  1-0

[Event "20th Zadar Open B 2013"]
[Site "Zadar CRO"]
[Date "2013.12.17"]
[Round "4.9"]
[White "Glavas,D"]
[Black "Deur,Z"]
[Result "1-0"]
[WhiteElo "2276"]
[BlackElo "2092"]

1.d4 Nf6 2.c4 Nc6 3.Nf3 e6 4.a3 d6 5.Nc3 g6 6.e4 Bg7 7.Be2 O-O 8.O-O Re8
9.d5 exd5 10.cxd5 Nb8 11.Nd2 a5 12.f3 Na6 13.Nb3 c6 14.Bg5 Nc7 15.Qd2 cxd5
16.exd5 h6 17.Bxh6 Bxh6 18.Qxh6 Ncxd5 19.Bc4 Qb6+ 20.Kh1 Nxc3 21.Qxg6+  1-0

[Event "6th Marseille Open 2013"]
[Site "Marseille FRA"]
[Date "2013.12.26"]
[Round "1.2"]
[White "Kaser,S"]
[Black "Petkov,V"]
[Result "0-1"]
[WhiteElo "1757"]
[BlackElo "2558"]

1.d4 Nf6 2.c4 Nc6 3.Nc3 e5 4.d5 Ne7 5.e4 Ng6 6.Bd3 Bc5 7.Nf3 d6 8.O-O a5
9.a3 Nh5 10.Rb1 Nhf4 11.b4 axb4 12.axb4 Bb6 13.Ne2 Qf6 14.Qc2 O-O 15.Ng3 Bg4
16.Ne1 Nh4 17.Be3 Nfxg2 18.Nxg2 Nxg2 19.Bxb6 cxb6 20.Be2 Bh3 21.Rfc1 Nf4
22.Bf1 Qh4 23.f3 Ra3 24.Rb3 Rxb3 25.Qxb3 h5 26.Qe3 Qg5 27.Kf2 Ra8 28.Bxh3 Nxh3+
29.Ke2 Ra2+ 30.Kd3 Ra3+  0-1

[Event "6th Marseille Open 2013"]
[Site "Marseille FRA"]
[Date "2013.12.29"]
[Round "7.1"]
[White "Naumkin,I"]
[Black "Petkov,V"]
[Result "0-1"]
[WhiteElo "2445"]
[BlackElo "2558"]

1.d4 Nf6 2.c4 Nc6 3.Nf3 e6 4.a3 d6 5.Nc3 g6 6.e4 Bg7 7.d5 Ne7 8.dxe6 Bxe6
9.Be2 O-O 10.O-O Nc6 11.Bd2 Re8 12.Re1 a5 13.h3 Nd7 14.Ng5 Nc5 15.Nxe6 Rxe6
16.Bg4 Re8 17.b3 Bd4 18.Qc2 h5 19.Bf3 Ne5 20.Be2 Qh4 21.Rf1 c6 22.Rad1 Ne6
23.Be1 Bc5 24.b4 axb4 25.axb4 Bb6 26.Rxd6 Nf4 27.c5 Bc7 28.Bd1 Bxd6 29.cxd6 Qf6
30.g3 Nfd3 31.f4 Nxe1 32.Rxe1 Qxd6 33.fxe5 Qxb4 34.Rf1 Rxe5 35.Qf2 Qc5 36.Bb3 Qxf2+
37.Rxf2 Ra3 38.Rb2 b5 39.Kf2 Kg7 40.h4 Ra1 41.Ke3 Re7 42.Kd4 Rc1 43.Bc2 Rd7+
44.Ke3 Ra1 45.Bb3 Re1+ 46.Kf2 Rh1 47.Ke3 Ra7 48.Rf2 Rc1 49.Kd2 Rca1 50.Ke3 R1a3
51.Rb2 Rd7 52.Nb1 Ra8 53.Nc3 Rad8 54.Ne2 Rd3+ 55.Kf2 Rd2 56.Rb1 R2d3 57.Nf4 Rc3
58.Rb2 Re8 59.Ne2 Rd3 60.Ba2 Red8 61.Bb3 Kf6 62.Rb1 R8d7 63.Rb2 Ke5 64.Rb1 c5
65.Bd5 b4 66.Nf4 Ra3 67.Rc1 Rc7 68.Rc2 b3 69.Rc1 c4 70.Rxc4 Rxc4 71.Bxc4 Kd4
72.Bd3 Ra2+ 73.Kf3 Rd2 74.Bb1 Rd1 75.Ne2+ Ke5  0-1

[Event "13th Mondragon Open"]
[Site "Mondragon ESP"]
[Date "2013.12.29"]
[Round "5.8"]
[White "Manso Marquez,F"]
[Black "Estefano Rilova,Fernando"]
[Result "1-0"]
[WhiteElo "2084"]
[BlackElo "1533"]

1.d4 Nf6 2.c4 Nc6 3.Nf3 e6 4.Nc3 Bb4 5.Qc2 Bxc3+ 6.Qxc3 O-O 7.Bg5 Ne4 8.Bxd8 Nxc3
9.Bxc7 Nb4 10.bxc3 Nc2+ 11.Kd2 Nxa1 12.Bd6 Rd8 13.e3 b6 14.Bd3 Bb7 15.Rxa1 Rac8
16.a4 f5 17.Ne1 Rc6 18.c5 bxc5 19.Bxc5 a5 20.Bb5 Rcc8 21.Bb6 Rf8 22.Bxd7 Ra8
23.Bxe6+ Kh8 24.Bc5 Rf6 25.d5 Re8 26.Bd4 Rh6 27.Rb1 Ba6 28.Rb6 Bc4 29.Rb7  1-0

[Event "13th Mondragon Open"]
[Site "Mondragon ESP"]
[Date "2013.12.29"]
[Round "6.10"]
[White "San Jose Madinabeitia,Iban"]
[Black "Estefano Rilova,Fernando"]
[Result "0-1"]
[WhiteElo "1762"]
[BlackElo "1533"]

1.d4 Nf6 2.c4 Nc6 3.Nf3 e6 4.Nc3 Bb4 5.Bg5 O-O 6.e4 Be7 7.Be2 Nh5 8.Bxe7 Qxe7
9.Ne5 Nxe5 10.dxe5 Nf4 11.Bf3 Qc5 12.g3 Ng6 13.Be2 Nxe5 14.O-O b6 15.Rc1 Bb7
16.Re1 f5 17.Bf1 fxe4 18.Qe2 Nf3+  0-1

[Event "Cracovia Open A 2013-14"]
[Site "Krakow POL"]
[Date "2013.12.31"]
[Round "6.21"]
[White "Balinski,D"]
[Black "Swiech,Pr1"]
[Result "0-1"]
[WhiteElo "2119"]
[BlackElo "2270"]

1.d4 Nf6 2.c4 Nc6 3.Nf3 e6 4.Bg5 Bb4+ 5.Nc3 Ne7 6.Bxf6 Bxc3+ 7.bxc3 gxf6
8.g3 b6 9.Bg2 Bb7 10.O-O O-O 11.Qd3 f5 12.Qe3 f6 13.Rad1 Be4 14.Bh3 Ng6 15.d5 Bxf3
16.Qxf3 Ne5 17.Qf4 Qe7 18.e4 fxe4 19.Qxe4 Rae8 20.Kg2 Nf7 21.dxe6 Ng5 22.Qg4 f5
23.Qh5 dxe6 24.Rd4 c5 25.Rh4 Qb7+ 26.f3 Qg7 27.Re1 Rd8 28.f4 Qb7+ 29.Kf2 Rd2+
30.Ke3 Qe4+ 31.Kxd2 Rd8+ 32.Kc1 Qxe1+ 33.Kb2 Rd2+ 34.Ka3 Qc1+ 35.Ka4 b5+
36.Ka5 Rxa2+ 37.Kxb5 Qb1+ 38.Kc6 Qb6+ 39.Kd7 Rd2+ 40.Ke7  0-1

[Event "2nd Mare D'Inverno Deluxe Open 2014"]
[Site "Gabicce Mare ITA"]
[Date "2014.01.02"]
[Round "1.3"]
[White "Bisi,S"]
[Black "Collutiis,D"]
[Result "0-1"]
[WhiteElo "2074"]
[BlackElo "2484"]

1.d4 Nf6 2.c4 Nc6 3.Nc3 e5 4.d5 Ne7 5.e4 Ng6 6.Be3 Bb4 7.f3 O-O 8.Ne2 d6
9.Qd2 Nd7 10.Nc1 a5 11.Nd3 Nc5 12.Rb1 f5 13.Nxc5 Bxc5 14.Bxc5 dxc5 15.exf5 Bxf5
16.Bd3 Bxd3 17.Qxd3 Qh4+ 18.Kd1 Qd4 19.Qxd4 exd4 20.Ne4 b6 21.Kd2 Ne5 22.Rbc1 Rae8
23.Ng5 c6 24.Ne6 Rf6 25.Rhe1 Nxc4+ 26.Rxc4 cxd5 27.Nc7  0-1

[Event "Rilton Cup 2013-14"]
[Site "Stockholm SWE"]
[Date "2014.01.03"]
[Round "7.33"]
[White "Adler,B"]
[Black "Marzano,C"]
[Result "0-1"]
[WhiteElo "2168"]
[BlackElo "2166"]

1.d4 Nf6 2.c4 Nc6 3.d5 Ne5 4.e4 e6 5.f4 Ng6 6.Bd3 exd5 7.cxd5 Bb4+ 8.Nc3 Qe7
9.Qe2 O-O 10.Nf3 Re8 11.O-O Bxc3 12.bxc3 Nxd5 13.Nd4 Nxc3 14.Qh5 Nxe4 15.Re1 Qd6
16.Bb2 Nxf4 17.Qf3 Nxd3 18.Nf5 Qf4 19.Nxg7 Qxf3 20.gxf3 Nxe1 21.Rxe1 Re6
22.Nxe6 dxe6 23.Rxe4 Bd7 24.Bf6 h5 25.Kf2 Kh7 26.Be5 c5 27.Rf4 f5 28.Kg3 Kg6
29.Rc4 b6 30.Rc3 Bc6 31.Kf4 Rg8 32.Ra3 Ra8 33.Bd6 Kf6 34.Be5+ Kf7 35.Bd6 a6
36.Ke5 c4 37.f4 Bd5 38.Rh3 Rh8 39.Kd4 h4 40.a3 Bg2 41.Rc3 Bf1 42.Rc1 Rd8
43.Ke5 Bd3 44.a4 Rd7 45.Rg1 c3  0-1

[Event "Bay Area International 2014"]
[Site "Santa Clara USA"]
[Date "2014.01.04"]
[Round "4.27"]
[White "Studen,D"]
[Black "Ashe,B"]
[Result "0-1"]
[WhiteElo "2285"]
[BlackElo "2193"]

1.d4 Nf6 2.c4 Nc6 3.Nf3 e6 4.g3 d5 5.cxd5 exd5 6.Bg2 Bb4+ 7.Nc3 O-O 8.O-O h6
9.Qb3 Re8 10.e3 Bxc3 11.bxc3 Na5 12.Qa4 c6 13.Ne5 Nd7 14.Nd3 Nc4 15.Re1 Ndb6
16.Qb3 Bf5 17.Nc5 Re7 18.f3 Qc7 19.e4 Rae8 20.e5 Nd7 21.Ba3 Ndxe5 22.dxe5 Rxe5
23.Rxe5 Qxe5 24.g4 Qe3+ 25.Kh1 Qf2 26.Ne4 dxe4 27.Rf1 Qe2 28.gxf5 Ne3 29.Qb2 exf3
30.Rxf3 Qd1+ 31.Rf1 Nxf1 32.Bxf1 Qxf1+  0-1

[Event "19th Bosnjaci Open 2014"]
[Site "Bosnjaci CRO"]
[Date "2014.01.06"]
[Round "5.4"]
[White "Zaja,I"]
[Black "Jakic,I"]
[Result "1-0"]
[WhiteElo "2457"]
[BlackElo "2404"]

1.d4 Nf6 2.c4 Nc6 3.Nf3 e6 4.Nc3 Bb4 5.Qc2 d6 6.Bd2 O-O 7.a3 Bxc3 8.Bxc3 Qe7
9.e3 e5 10.d5 Nb8 11.Nd2 c6 12.dxc6 Nxc6 13.Bd3 Nd4 14.Bxd4 exd4 15.e4 d5
16.O-O dxe4 17.Nxe4 Ng4 18.c5 Qe5 19.Ng3 h5 20.Rae1 Qc7 21.h3 h4 22.hxg4 hxg3
23.g5 g6 24.fxg3 Qxg3 25.Bxg6 Be6 26.Be4 Qxg5 27.Bxb7 d3 28.Qxd3 Qxc5+ 29.Rf2 Rad8
30.Qg3+ Kh7 31.Re4  1-0